000 00737nam a2200277Ia 4500
003 OSt
005 20221007125035.0
006 a|||||r|||| 00| 0
007 ta
008 221006b |||||||| |||| 00| 0 eng d
020 _a0412562502
024 _a2492
037 _cTextual
040 _aCDL
_cCDL
_beng
041 _2eng
_aeng
082 _aE9G,95C, N3 Carc
100 _aYoung Andre Ed
_9721401
245 0 _aCarotenoids in photosynthesis
260 _aLondon
_bChapman Hall
_c1993
300 _a498p
_ccm.
650 _a Cartenoids
_9721402
650 _a Pigments
_9721403
650 _aBiochemistry
942 _hE9G,95C, N3 Carc
_cTEXL
_2CC
999 _c1214550
_d1214550